00315nam a2200133Ia 4500008004100000020001500041041001200056082001100068100001400079245004300093260002500136300000800161650001200169221030s9999 xx 000 0 und d a8190453011 aEnglish a105.23 aR. Bansal 0aStay Hungry Stay Foolishcby R. Bansal bIIMaAhmedabadc2008 a325 aGeneral